00509nam a22001577a 450000500170000001000150001702000300003203500140006203700130007608200060008910000210009524500770011626000500019327000810024330000270032420210215172607.0 aENG-128985 c495.00a978-93-86473-70-7 aEN-112517 bDBAD/PUB aN aVishnupriya Sita aVimla: The Everyday Indian Woman and Murder Most Foul/cVishnupriya Sita aNew DelhibVitasta Publishing Pvt. Ltd.c2021 bNew Delhia2/15, Ansari Roaad, Daryaganje110002minfo@vitastapublishing.com axxiii+209p.c23cm(hbk)